| 000 | 00657nam a2200229Ia 4500 | ||
|---|---|---|---|
| 003 | GCL | ||
| 008 | 140319s9999 xx 000 0 eng d | ||
| 020 | _a1857152352 | ||
| 040 |
_aGCL / _cGCL |
||
| 082 | 0 | 4 |
_a863 _bM L |
| 100 | 1 | _aMARQUEZ, GABRIEL G. | |
| 245 | 1 | 0 |
_aLOVE IN THE TIME OF CHOLERA / _cMARQUEZ, GABRIEL G. |
| 700 | 1 | _aGROSSMAN, EDITH | |
| 700 | 1 | _aSHAKESPEARE, NICHOLAS | |
| 260 |
_aانجلترا : _bEVERYMAN'S LIBRARY ، _c1997 |
||
| 300 |
_a21 CM ؛ _cXXXIII, 422 P |
||
| 490 |
_aTHE MILLENNIUM LIBRARY _v235 |
||
| 650 | 0 | 4 | _aLITERATURE |
| 650 | 0 | 4 | _aSPANISH FICTION |
| 650 | 0 | 4 | _aSPANISH LITERATURE - TRANSLATION |
| 942 |
_2ddc _cBK |
||
| 999 |
_c6281 _d6281 |
||